Library Banner

Sind (Record no. 75836)

MARC details
000 -LEADER
fixed length control field 00381nam a22001457a 4500
005 - DATE AND TIME OF LATEST TRANSACTION
control field 20150916100956.0
008 - FIXED-LENGTH DATA ELEMENTS--GENERAL INFORMATION
fixed length control field 150916b xxu||||| |||| 00| 0 eng d
040 ## - CATALOGING SOURCE
Transcribing agency PK-LaUMT
082 ## - DEWEY DECIMAL CLASSIFICATION NUMBER
Classification number KHC 954.918
Item number ABB-S
100 ## - MAIN ENTRY--PERSONAL NAME
Personal name Abbott, J.
245 ## - TITLE STATEMENT
Title Sind
Remainder of title a re-Interpretation of the unhappy valley
Statement of responsibility, etc J. Abbott
260 ## - PUBLICATION, DISTRIBUTION, ETC. (IMPRINT)
Place of publication, distribution, etc Lahore
Name of publisher, distributor, etc Al-Biruni
Date of publication, distribution, etc 1978
300 ## - PHYSICAL DESCRIPTION
Extent 113 p.
942 ## - ADDED ENTRY ELEMENTS (KOHA)
Koha item type Books
Holdings
Withdrawn status Lost status Damaged status Home library Current library Date acquired Full call number Barcode Date last seen Price effective from Koha item type
      UMT Main Campus UMT Main Campus 2015-09-16 KHC 954.918 ABB-S 69003 2015-09-16 2015-09-16 Books